| 000 | 01029nam a22003017a 4500 | ||
|---|---|---|---|
| 001 | BR0002356 | ||
| 003 | BR-BrBNA | ||
| 005 | 20230928100644.0 | ||
| 007 | ta | ||
| 008 | 230509b bl.||||| |||| 00| 0 por d | ||
| 040 |
_aBR-BrBNA _bpor _cBiblioteca Nacional de Agricultura |
||
| 041 | _a(Por) | ||
| 072 |
_aL72 _b5000 _b8891 |
||
| 090 | _ 5000 BR0002356 | ||
| 100 | 1 | _aManzatti, L. | |
| 110 | 1 |
_aEscola Superior de Agricultura Luiz de Queiroz, Piracicaba, SP (Brasil) _0Tese (Mestre em Ciencias Florestais) |
|
| 245 | 1 | _aPredacao de animais domesticos e plantacoes no entorno do Parque Nacional do Iguacu (PR)- analise da percepcao de fazendeiros e alternativas de manejo | |
| 260 | 3 |
_aPiracicaba, SP (Brasil): _c1999. |
|
| 300 | _a81 p. | ||
| 500 | _aSummaries (Eng, Por); Bibliography p. 61-69; 6 illus.; 18 tables | ||
| 650 | _aAnimal Domestico | ||
| 650 | _aAnimal Selvagem | ||
| 650 | _aPredador | ||
| 650 | _aEducacao Ambiental | ||
| 650 | _aParana | ||
| 909 |
_a202309 _bLucia _c55 _dLucia Elande |
||
| 942 | _cBK | ||
| 999 |
_c62217 _d62217 |
||